Statistics for monologue from ballad of the costa concordia car seat headrest

Click here to take the quiz!

General Stats

  • This quiz has been taken 13 times
  • The average score is 217 of 324

Answer Stats

Answer% Correct
a
100%
I
100%
i
100%
how
92%
How
92%
supposed
92%
to
92%
was
92%
an
85%
know
85%
know?
85%
the
85%
The
85%
(And
77%
And
77%
and
77%
hell
77%
on
77%
ship
77%
ship?
77%
this
77%
This
77%
why
77%
you
77%
You
77%
am
69%
do
69%
do?
69%
me
69%
My
69%
my
69%
no
69%
steer
69%
back
62%
drive
62%
every
62%
for
62%
get
62%
here?
62%
here
62%
I'm
62%
in
62%
it
62%
It
62%
not
62%
Not
62%
what
62%
What
62%
with
62%
basketball?
54%
broke
54%
But
54%
can't
54%
expensive
54%
go
54%
have
54%
his
54%
horse
54%
is
54%
job?
54%
make
54%
mistake
54%
play
54%
when
54%
won't
54%
you're
54%
after
46%
backpack
46%
bed
46%
blood
46%
down
46%
drunk
46%
falling
46%
feel
46%
friday
46%
good?
46%
hands
46%
it's
46%
like
46%
many
46%
reason
46%
remember
46%
saturday
46%
say
46%
set
46%
sunday?
46%
thursday
46%
times
46%
too
46%
van?
46%
amp?
38%
apart
38%
body
38%
ceiling
38%
control
38%
dinner
38%
drowned
38%
drowned?
38%
forgive
38%
fucking
38%
give
38%
God
38%
grab
38%
heart
38%
left
38%
myself?
38%
night?
38%
night
38%
nights
38%
over
38%
red
38%
ride
38%
sorry
38%
stripes
38%
that
38%
tube
38%
up
38%
use
38%
white
38%
yellow
38%
about
31%
bike
31%
comforter
31%
dying
31%
familiar
31%
given
31%
hold
31%
house
31%
hurting
31%
itself
31%
light
31%
makes
31%
mind
31%
now?)
31%
open
31%
pain
31%
room
31%
same
31%
sleep
31%
unless
31%
vacation
31%
vacation?)
31%
without
31%
right
23%
sea
23%

Score Distribution

Percentile by Number Answered

Percent of People with Each Score

Your Score History

You have not taken this quiz